| 000 | 03471nam a2200397 a 4500 | ||
|---|---|---|---|
| 001 | 000114763 | ||
| 003 | CHAP | ||
| 005 | 20250128114532.0 | ||
| 007 | cr ||||||a|c|a | ||
| 008 | 180410s2018 mx |sm |||||||spa d | ||
| 040 | _cCHAP | ||
| 090 | _aTesis | ||
| 100 | 1 |
_aGuadarrama Aguilar, Humberto Alejandro. _9129226 |
|
| 245 | 1 | 0 |
_aProtección de betalaínas de xoconostle (Opuntia matudae) mediante su inclusión en complejos polisacárido-polisacárido _cpor Humberto Alejandro Guadarrama Aguilar; director de tesis Consuelo S. O. Lobato Calleros. |
| 264 | 1 |
_aChapingo, Méx.: _bEl autor, _c2018. |
|
| 300 |
_a1 recurso en línea (79 páginas): _bcuadros, figuras. |
||
| 336 |
_2rdacontent _atexto _btxt |
||
| 337 |
_2rdamedia _acomputadora _bc |
||
| 338 |
_2rdacarrier _arecursos en línea _bcr |
||
| 502 |
_bMCTA _cAgroindustrias _d2018. _gMAE |
||
| 520 | _aLa estabilidad de las betalaínas de xoconostle es un aspecto importante a considerar para el empleamiento de estos pigmentos como colorantes y antioxidantes en alimentos. Con el fin de favorecer la vida útil de las betalaínas, la presente investigación tuvo como objetivo determinar la estabilidad de estos compuestos mediante su protección con la técnica de coacervación compleja entre dos polisacáridos. Primeramente, se determinó el contenido de polifenoles totales y la actividad antioxidante mediante la técnica del radical libre DPPH en el jugo de xoconostle donde se obtuvo un porcentaje de degradación del radical del 91%. Se planteó un experimento completamente al azar para realizar las diversas formulaciones utilizadas con quitosano (Q), goma arábiga (GA) y jugo de xoconostle liofilizado (JL). Cada uno de los ocho tratamientos se sometieron a pruebas de medición de ζ-potencial, donde el tratamiento C4 obtuvo el valor más cercano a la neutralidad con un valor de carga de 0.0003 mV. Posteriormente en el rendimiento de coacervados complejos, también se mostró una diferencia estadísticamente significativa entre dicho tratamiento con el resto, ya que se obtuvo el valor más alto con 89.3 %. Con relación a la eficiencia de entrampamiento los tratamientos C8 y C4 mostraron tener los mejores resultados con una eficiencia del 63.43 y 63.26% respectivamente. El menor tamaño de partícula lo obtuvo el tratamiento C3 con un tamaño de 21 μm. Finalmente el tratamiento que mejor estabilizó las betalaínas después de 30 días de almacenamiento fue el C4, ya que obtuvo valores de degradación del DPPH del 89%, muy similar al inicial. Los resultados obtenidos indican que los complejos coacervados elaborados con una concentración de polisacáridos Q: 0.4 mg mL- 1 y GA: 0.6 mg mL-1 (C4) a valores de pH 5.3, podrían ser utilizados como elementos protectores betalaínas durante su almacenamiento. | ||
| 590 |
_aE11695DGD _b10 _c20180618 |
||
| 590 |
_aE11695DGD _b10 _c20180618 |
||
| 590 |
_aE6337LMJ _b05 _c20180410 |
||
| 590 |
_aE6337LMJ _b05 _c20180410 |
||
| 650 | 1 | 4 |
_aCardenche _xAprovechamiento. _9135058 |
| 650 | 1 | 4 |
_aCardenche _xFisiología y morfología. _9130742 |
| 650 | 1 | 4 |
_aCardenche _xSubproductos. _9135057 |
| 650 | 1 | 4 |
_aPolisacáridos _xAnálisis. _9135062 |
| 700 | 1 |
_aLobato Calleros, Consuelo S. O. _9159738 _eDirector de tesis. |
|
| 856 |
_uhttp://10.13.5.2/tesis/sist114763.pdf _zDESCARGAR PDF |
||
| 901 | _aBK | ||
| 942 |
_cTD _2Clasificación Universidad Autónoma Chapingo |
||
| 999 |
_c111224 _d111224 |
||